| 000 | 00563nam a2200217 a 4500 | ||
|---|---|---|---|
| 005 | 20210219153053.0 | ||
| 008 | 991125n 000 0 u | ||
| 035 | _aUPN01000075932 | ||
| 222 | _aFORO UNIVERSITARIO | ||
| 245 | _aEn breve | ||
| 300 | _a4-10 | ||
| 362 | 0 | _a1980 2a época, no. 1, dic. | |
| 653 | 0 | _aAUTONOMIA UNIVERSITARIA | |
| 653 | 0 | _aCOLEGIO DE MEXICO | |
| 653 | 0 | _aMOVIMIENTO ESTUDIANTIL | |
| 653 | 0 | _aSOBERON ACEVEDO, GUILLERMO | |
| 653 | 0 | _aSOLANA, MORALES FERNANDO | |
| 653 | 0 | _aUNAM | |
| 904 |
_aAC _b013743 |
||
| 905 | _aArticulo | ||
| 999 |
_c67683 _d67683 |
||